F1 - Circuitos de Fórmula 1 - Estadísticas

Estadísticas generales
  • Esta prueba ha sido intentada 8.678 veces
    1.504 desde el último reinicio
  • La puntuación promedio es 14 de 22
Estadísticas de respuestas
Imagen Respuesta % Correcto
Montecarlo - Mónaco
86%
Barcelona-Catalunya - Barcelona-Cataluña
84%
Monza - Italia
81%
Suzuka - Japón
81%
Albert Park - Australia
73%
Shanghái - China
73%
Spa-Francorchamps - Bélgica
71%
Baku - Azerbaiyán
70%
Las Vegas - Las Vegas
66%
Red Bull Ring - Austria
65%
Hungaroring - Hungría
64%
Interlagos - São Paulo
62%
Yas Marina - Abu Dabi
62%
Losail - Catar
60%
Marina Bay - Singapur
58%
Hard Rock Stadium - Miami
57%
Gilles Villeneuve - Canadá
56%
Las Américas - EEUU
55%
Silverstone - Gran Bretaña
55%
Zandvoort - Países Bajos
50%
Hermanos Rodríguez - Ciudad de México
45%
Madring - España
34%
No se encontraron pruebas coincidentes
Distribución de puntuación
Porcentaje de gente con cada puntuación
Porcentaje por número respondido
Historial de tus puntuaciones
No has intentado esta prueba desde el último reinicio